| 000 | 00948cam a22001934a 4500 | ||
|---|---|---|---|
| 005 | 20250605163931.0 | ||
| 008 | 250528s ||||||||||||||||||||||||d | ||
| 035 | _a14711 | ||
| 020 | _a140134905 | ||
| 040 |
_aGR-AtMCL _bgre _dGR-AtMCL _eAACR2 |
||
| 245 | 1 | _aPsychoanalysis and Feminism / A Radical Reassessment of Freudian Psychoanalysis | |
| 260 |
_bPenguin Books, _c1990 |
||
| 300 | _a456 | ||
| 520 | _aAn attempt to develop an understanding of the psychology of femininity and the ideological impression of women. Introduction, Psychoanalysis and Femininity, The Making of a Lady, The Freudians and the Psychology of Women, Radical Psychotherapy and Freud, Wilhelm Reich: Sexual Politics, The Family of Man, Feminism and Freud, The Feminists, Conclusion: The Holy Family and Femininity, Psychoanalysis and Vienna at the Turn of the Century, Index. | ||
| 700 | 1 |
_aMitchell Juliet _9457 |
|
| 942 | _cBK | ||
| 999 |
_c332 _d332 |
||